000 00335nam a2200145Ia 4500
008 230718s9999 xx 000 0 und d
041 _aEng.
082 _a34802
_bSAA-I
100 _aSaad, Ullah
245 0 _aInterpretation of Status
260 _aPakistan
_bManzoor law book
_c2012
300 _a110
650 _aLaw
999 _c28232
_d28232